00353nam a2200145Ia 4500008004100000020001500041041000800056082001500064100002400079245003800103250000600141260002600147300001400173650002000187210716s1986 xx 000 0 und d a0256033501 aeng a338.9 RIMI aRima, Ingrid Hahne. aDevelopment of economic analysis. a4 aHomewoodbIrwinc1986 axviii,526 aMacro Economics